[Event "London Classic op"]
[Site "London"]
[Date "2011.12.05"]
[Round "3"]
[White "Spivack, Simon"]
[Black "Sagues, Vincent"]
[Result "1/2-1/2"]
[WhiteElo "2175"]
[BlackElo "1952"]
[PlyCount "56"]
[EventDate "2011.12.03"]
[EventType "swiss"]
[EventRounds "9"]
[EventCountry "ENG"]
[SourceTitle "CBM 145 Extra"]
[Source "ChessBase"]
[SourceDate "2012.01.03"]
[SourceVersion "1"]
[SourceVersionDate "2012.01.03"]
[SourceQuality "1"]

1. e4 e6 2. d4 d5 3. Nc3 dxe4 4. Nxe4 Nd7 5. Nf3 Ngf6 6. Nxf6+ Nxf6 7. Bd3 Be7 8. Qe2 0-0 9. Bg5 c5 10. 0-0-0 Nd5 11. Bxe7 Qxe7 12. Qe4 Nf6 13. Qh4 h6 14. Rhe1 b6 15. Ne5 cxd4 16. f4 Bb7 17. g4 Nd5 18. g5 Nb4 19. Bc4 Bd5 20. Bxd5 Nxd5 21. Rxd4 Rac8 22. Kb1 b5 23. Nd3 hxg5 24. fxg5 Qc7 25. c3 Ne7 26. Qh5 Nf5 27. Rde4 g6 28. Qe2 Kg7 1/2-1/2

[Event "BCF-chT2 1011 (4NCL)"]
[Site "England"]
[Date "2011.02.20"]
[Round "6.62"]
[White "Spivack, Simon"]
[Black "Tavares, Shawn P"]
[Result "1/2-1/2"]
[WhiteElo "2179"]
[BlackElo "2260"]
[PlyCount "41"]
[EventDate "2010.11.06"]
[EventType "team-swiss"]
[EventRounds "11"]
[EventCountry "ENG"]
[SourceTitle "EXT 2012"]
[Source "ChessBase"]
[SourceDate "2011.11.24"]
[SourceVersion "1"]
[SourceVersionDate "2011.11.24"]
[SourceQuality "1"]
[WhiteTeam "Kings Head"]
[BlackTeam "AMCA Dragons"]
[WhiteTeamCountry "ENG"]
[BlackTeamCountry "ENG"]

1. Nf3 Nf6 2. g3 d5 3. Bg2 c5 4. 0-0 Nc6 5. d3 Bg4 6. h3 Bxf3 7. Bxf3 g6 8. c3 Bg7 9. Qb3 Qd7 10. Bg2 0-0 11. Be3 c4 12. dxc4 Na5 13. Qb5 Nxc4 14. Qxd7 Nxd7 15. Bxd5 Nxe3 16. fxe3 Nb6 17. Bxb7 Rab8 18. Be4 Nc4 19. b3 Nxe3 20. Rf3 Nd1 21. Bc2 1/2-1/2

[Event "London Classic op"]
[Site "London"]
[Date "2010.12.15"]
[Round "9"]
[White "Yurenok, Maria S"]
[Black "Spivack, Simon"]
[Result "1/2-1/2"]
[WhiteElo "2071"]
[BlackElo "2189"]
[PlyCount "109"]
[EventDate "2010.12.08"]
[EventType "swiss"]
[EventRounds "9"]
[EventCountry "ENG"]
[SourceTitle "CBM 139 Extra"]
[Source "ChessBase"]
[SourceDate "2011.01.05"]
[SourceVersion "1"]
[SourceVersionDate "2011.01.05"]
[SourceQuality "1"]

1. d4 g6 2. c4 Bg7 3. Nc3 d6 4. e4 Nc6 5. Be3 e5 6. Nge2 exd4 7. Nxd4 Nf6 8. Nxc6 bxc6 9. Be2 0-0 10. 0-0 Re8 11. Bf3 Rb8 12. e5 Rxe5 13. Bxa7 Rxb2 14. Bd4 Ra5 15. Bxc6 Be6 16. Bd5 Bxd5 17. cxd5 Nh5 18. a4 Bxd4 19. Qxd4 Qf6 20. Qxf6 Nxf6 21. Rac1 Nxd5 22. Nxd5 Rxd5 23. Rxc7 Ra5 24. Rd7 Rd2 25. h4 Rxa4 26. g3 Raa2 27. Kg2 h5 28. Kf3 Kg7 29. Ke3 Kf6 30. Rb7 Re2+ 31. Kf3 Re5 32. Rb6 Rd2 33. Rb4 d5 34. Rf4+ Ke6 35. Ra1 Rd3+ 36. Kg2 Rf5 37. Rfa4 Rd2 38. Ra6+ Ke5 39. Re1+ Kd4 40. Ra4+ Kc3 41. Re3+ Kb2 42. Rf3 Rxf3 43. Kxf3 d4 44. Ra7 Rc2 45. Rxf7 d3 46. Ra7 Kc1 47. Ke3 d2 48. Ra1+ Kb2 49. Rd1 Kc3 50. Ke2 Ra2 51. f3 Rb2 52. g4 hxg4 53. fxg4 Rb4 54. Rxd2 Rxg4 55. Rd3+ 1/2-1/2

[Event "London Classic op"]
[Site "London"]
[Date "2010.12.10"]
[Round "3"]
[White "Crichton, Martin"]
[Black "Spivack, Simon"]
[Result "0-1"]
[WhiteElo "1978"]
[BlackElo "2189"]
[PlyCount "70"]
[EventDate "2010.12.08"]
[EventType "swiss"]
[EventRounds "9"]
[EventCountry "ENG"]
[SourceTitle "CBM 139 Extra"]
[Source "ChessBase"]
[SourceDate "2011.01.05"]
[SourceVersion "1"]
[SourceVersionDate "2011.01.05"]
[SourceQuality "1"]

1. e4 c5 2. Nc3 e6 3. g3 Nc6 4. Bg2 Nf6 5. d3 Be7 6. f4 d5 7. e5 Nd7 8. Nf3 b5 9. 0-0 b4 10. Ne2 0-0 11. Be3 Nb6 12. Nd2 Qd7 13. a3 bxa3 14. bxa3 Ba6 15. Nb3 d4 16. Bf2 Rac8 17. Qd2 Rfd8 18. Na5 Nxa5 19. Qxa5 Qa4 20. Qxa4 Nxa4 21. g4 Rb8 22. Rfb1 Bb5 23. Be1 Rdc8 24. Ba5 Bd8 25. Bxd8 Rxd8 26. Kf2 Bd7 27. Rb3 Nb6 28. Rab1 Ba4 29. R3b2 Kf8 30. Ng3 c4 31. dxc4 Rbc8 32. Bf1 Nxc4 33. Rb4 Bxc2 34. Rxc4 Bxb1 35. Rxc8 Rxc8 0-1

[Event "London Classic op"]
[Site "London"]
[Date "2010.12.08"]
[Round "1"]
[White "Staneland, Peter E"]
[Black "Spivack, Simon"]
[Result "0-1"]
[WhiteElo "1787"]
[BlackElo "2189"]
[PlyCount "72"]
[EventDate "2010.12.08"]
[EventType "swiss"]
[EventRounds "9"]
[EventCountry "ENG"]
[SourceTitle "CBM 139 Extra"]
[Source "ChessBase"]
[SourceDate "2011.01.05"]
[SourceVersion "1"]
[SourceVersionDate "2011.01.05"]
[SourceQuality "1"]

1. Nf3 Nf6 2. c4 d6 3. d4 Nbd7 4. Nc3 e5 5. dxe5 dxe5 6. Bg5 c6 7. e3 Qa5 8. Bxf6 Nxf6 9. Qc2 Bb4 10. Nd2 0-0 11. Bd3 Bg4 12. 0-0 Bxc3 13. bxc3 Rad8 14. Rab1 Qc7 15. f3 Be6 16. Rb2 Qe7 17. Kh1 Rd7 18. Nb3 e4 19. Be2 exf3 20. Rxf3 Bg4 21. Rg3 Bxe2 22. Qxe2 Ne4 23. Nd4 Nxg3+ 24. hxg3 Qe5 25. Qg4 f5 26. Qg5 c5 27. Rb5 a6 28. Nf3 Qxc3 29. Rxc5 Qa1+ 30. Kh2 Qf6 31. Qf4 b6 32. Re5 Qg6 33. Nd4 Qh5+ 34. Kg1 Qd1+ 35. Kh2 Rd6 36. Nxf5 Rxf5 0-1

[Event "BCF-chT2a 0910 (4NCL)"]
[Site "England"]
[Date "2010.01.17"]
[Round "4.2"]
[White "Spivack, Simon"]
[Black "Franklin, Samuel Gideon"]
[Result "0-1"]
[WhiteElo "2176"]
[BlackElo "2131"]
[PlyCount "80"]
[EventDate "2009.10.24"]
[EventType "team-tourn"]
[EventRounds "7"]
[EventCountry "ENG"]
[SourceTitle "EXT 2010"]
[Source "ChessBase"]
[SourceDate "2010.11.25"]
[SourceVersion "1"]
[SourceVersionDate "2010.11.25"]
[SourceQuality "1"]
[WhiteTeam "Kings Head"]
[BlackTeam "Barbican Youth"]
[WhiteTeamCountry "ENG"]
[BlackTeamCountry "ENG"]

1. Nf3 Nf6 2. g3 g6 3. Bg2 Bg7 4. 0-0 0-0 5. c4 d6 6. d4 Nc6 7. Nc3 a6 8. d5 Na5 9. Nd2 c5 10. Qc2 Rb8 11. b3 b5 12. Bb2 e5 13. dxe6 fxe6 14. cxb5 axb5 15. Nce4 Nxe4 16. Nxe4 Bxb2 17. Qxb2 Bb7 18. f4 Bxe4 19. Bxe4 d5 20. Bf3 Nc6 21. Rfd1 Qb6 22. e4 d4 23. Bg4 e5 24. Be6+ Kg7 25. f5 Nd8 26. Rac1 Nxe6 27. fxe6 Rbc8 28. Rf1 Qxe6 29. Rxf8 Kxf8 30. a4 bxa4 31. bxa4 c4 32. a5 Qc6 33. a6 c3 34. Qb4+ Qc5 35. Qb7 d3+ 36. Kg2 Rc7 37. Rf1+ Kg7 38. Qb8 c2 39. Qd8 Qe7 40. Qxd3 c1Q 0-1

[Event "BCF-chT2b 0809 (4NCL)"]
[Site "Hinckley Island"]
[Date "2009.01.18"]
[Round "6.4"]
[White "Spivack, Simon"]
[Black "Edwards, Simon R"]
[Result "1-0"]
[WhiteElo "2171"]
[BlackElo "2029"]
[PlyCount "159"]
[EventDate "2008.10.04"]
[EventType "team-tourn"]
[EventRounds "7"]
[EventCountry "ENG"]
[SourceTitle "EXT 2010"]
[Source "ChessBase"]
[SourceDate "2010.11.25"]
[SourceVersion "1"]
[SourceVersionDate "2010.11.25"]
[SourceQuality "1"]
[WhiteTeam "Kings Head"]
[BlackTeam "CHEDP"]
[WhiteTeamCountry "ENG"]
[BlackTeamCountry "ENG"]

1. Nf3 Nf6 2. c4 g6 3. Nc3 Bg7 4. e4 d6 5. d4 0-0 6. Be2 Nc6 7. d5 Nb8 8. 0-0 e5 9. Bg5 Qd7 10. Rc1 Ne8 11. c5 dxc5 12. Bb5 Qd6 13. Nd2 f6 14. Be3 b6 15. Qa4 Bd7 16. Rfd1 a6 17. Bxd7 Qxd7 18. Qa3 Nd6 19. b4 cxb4 20. Qxb4 Rc8 21. Na4 Rd8 22. Qb3 Ra7 23. Rc2 Kh8 24. Rdc1 Rb7 25. Nb2 a5 26. Qd3 Bf8 27. f4 b5 28. fxe5 fxe5 29. Nf3 Bg7 30. Ng5 Na6 31. Ne6 Nb4 32. Qe2 Nxc2 33. Qxc2 Rc8 34. Nc5 Qg4 35. h3 Qg3 36. Bf2 Qf4 37. Nbd3 Qf8 38. Nxb7 Nxb7 39. Qc6 Nd8 40. Qd7 Nf7 41. Rxc7 Rxc7 42. Qxc7 Ng5 43. Nc5 Qe8 44. Be3 Nf7 45. Ne6 Bf6 46. Bc5 Kg8 47. Qxa5 Ng5 48. Nxg5 Bxg5 49. Qa6 Qf7 50. Qa8+ Kg7 51. Qa7 Qxa7 52. Bxa7 Bd2 53. Bc5 Kf7 54. Kf2 Kf6 55. Kf3 Ba5 56. Be3 Bb4 57. Ke2 Ba5 58. Kd3 Ke7 59. Kc2 Kd6 60. Kb3 Be1 61. a4 bxa4+ 62. Kxa4 Bc3 63. Kb5 Be1 64. Bc5+ Kd7 65. Ba3 Bf2 66. Bb4 Be3 67. Bf8 Bc1 68. Kc4 Bb2 69. Bh6 Bd4 70. Kd3 Bb2 71. Ke2 Ke7 72. Kf3 Ba3 73. Kg4 Kf7 74. h4 Be7 75. h5 Bd8 76. Be3 Be7 77. Bb6 Bb4 78. hxg6+ hxg6 79. Bc7 Kf6 80. d6 1-0

[Event "BCF-chT3 0506 (4NCL)"]
[Site "Birmingham"]
[Date "2006.01.15"]
[Round "6.5"]
[White "Spivack, Simon"]
[Black "Fraser Mitchell, Jeremy N"]
[Result "1-0"]
[WhiteElo "2195"]
[BlackElo "2107"]
[PlyCount "43"]
[EventDate "2005.10.22"]
[EventType "team"]
[EventRounds "11"]
[EventCountry "ENG"]
[SourceTitle "EXT 2007"]
[Source "ChessBase"]
[SourceDate "2006.11.23"]
[SourceVersion "1"]
[SourceVersionDate "2006.11.23"]
[SourceQuality "1"]
[WhiteTeam "Kings Head"]
[BlackTeam "FCA Solutions"]
[WhiteTeamCountry "ENG"]
[BlackTeamCountry "ENG"]

1. e4 e6 2. d3 d5 3. Nd2 c5 4. Ngf3 Nc6 5. g3 Bd6 6. Bg2 Nge7 7. 0-0 Qc7 8. Qe2 Bd7 9. c4 d4 10. e5 Nxe5 11. Nxe5 Bxe5 12. Bxb7 Rb8 13. Bg2 0-0 14. Ne4 f6 15. Re1 Ng6 16. a3 Rb3 17. Nd2 Rb6 18. b4 cxb4 19. axb4 Rfb8 20. Ba3 Rxb4 21. Bxb4 Rxb4 22. Qf3 1-0

[Event "BCF-chT2 0203 (4NCL)"]
[Site "West Bromwich"]
[Date "2003.05.05"]
[Round "11.3"]
[White "Cafferty, Bernard"]
[Black "Spivack, Simon"]
[Result "1/2-1/2"]
[WhiteElo "2226"]
[BlackElo "2162"]
[PlyCount "43"]
[EventDate "2002.11.??"]
[EventType "team"]
[EventRounds "11"]
[EventCountry "ENG"]
[SourceTitle "EXT 2004"]
[Source "ChessBase"]
[SourceDate "2003.11.25"]
[SourceVersion "1"]
[SourceVersionDate "2003.11.25"]
[SourceQuality "1"]
[WhiteTeam "The ADS II"]
[BlackTeam "Athenaeum"]
[WhiteTeamCountry "ENG"]
[BlackTeamCountry "ENG"]

1. Nf3 g6 2. d4 Nf6 3. c4 Bg7 4. g3 0-0 5. Bg2 d6 6. 0-0 c6 7. Nc3 Qa5 8. Re1 Bg4 9. h3 Bxf3 10. exf3 Re8 11. Rb1 c5 12. d5 Na6 13. a3 Qc7 14. f4 Qd7 15. Bd2 Nc7 16. a4 Rab8 17. g4 e6 18. g5 Nh5 19. Bf3 exd5 20. Bg4 Rxe1+ 21. Bxe1 Qe7 22. Bxh5 1/2-1/2

[Event "BCF-chT2 0102 (4NCL)"]
[Site "Birmingham"]
[Date "2002.03.24"]
[Round "8.6"]
[White "Spivack, Simon"]
[Black "Taylor, Robert Marc"]
[Result "1-0"]
[WhiteElo "2182"]
[BlackElo "2153"]
[PlyCount "77"]
[EventDate "2001.09.22"]
[EventType "team"]
[EventRounds "11"]
[EventCountry "ENG"]
[SourceTitle "EXT 2003"]
[Source "ChessBase"]
[SourceDate "2002.11.25"]
[SourceVersion "1"]
[SourceVersionDate "2002.11.25"]
[SourceQuality "1"]
[WhiteTeam "Athenaeum"]
[BlackTeam "Numerica 3CS"]
[WhiteTeamCountry "ENG"]
[BlackTeamCountry "ENG"]

1. e4 c5 2. Nf3 d6 3. Bb5+ Nd7 4. d4 cxd4 5. Qxd4 e6 6. Bg5 Ngf6 7. Nc3 Be7 8. Rd1 Qc7 9. e5 dxe5 10. Nxe5 Bc5 11. Qf4 Bd6 12. Rxd6 Qxd6 13. Nxd7 Qxf4 14. Nxf6+ Kf8 15. Nxh7+ Rxh7 16. Bxf4 f6 17. Bd6+ Kf7 18. f4 g6 19. Ne4 Rh5 20. Be2 Rd5 21. Bf3 Bd7 22. Bb4 a5 23. Bc3 Bb5 24. Bxf6 Rc8 25. c3 Bd3 26. Be5 Bxe4 27. Bxe4 Rb5 28. b3 a4 29. bxa4 Rb2 30. 0-0 Rc4 31. Rb1 Rxb1+ 32. Bxb1 Rxa4 33. Kf2 Ra5 34. Ke3 Rb5 35. Be4 g5 36. a4 Ra5 37. Bxb7 gxf4+ 38. Kxf4 Rxa4+ 39. Be4 1-0

[Event "BCF-chT2 0102 (4NCL)"]
[Site "Birmingham"]
[Date "2001.11.25"]
[Round "4.3"]
[White "Spivack, Simon"]
[Black "Hinks Edwards, Thomas RJ"]
[Result "0-1"]
[WhiteElo "2182"]
[BlackElo "2322"]
[PlyCount "60"]
[EventDate "2001.09.22"]
[EventType "team"]
[EventRounds "11"]
[EventCountry "ENG"]
[SourceTitle "EXT 2003"]
[Source "ChessBase"]
[SourceDate "2002.11.25"]
[SourceVersion "1"]
[SourceVersionDate "2002.11.25"]
[SourceQuality "1"]
[WhiteTeam "Athenaeum"]
[BlackTeam "Richmond"]
[WhiteTeamCountry "ENG"]
[BlackTeamCountry "ENG"]

1. e4 c6 2. d4 d5 3. e5 Bf5 4. Nf3 e6 5. Be2 Nd7 6. 0-0 Ne7 7. Nbd2 c5 8. c3 Nc6 9. a3 a5 10. Re1 Be7 11. dxc5 Ndxe5 12. Nxe5 Nxe5 13. Bb5+ Nc6 14. Qa4 0-0 15. Nb3 Bc2 16. Be3 Ne5 17. Rac1 Bd3 18. Nd2 Bxb5 19. Qxb5 a4 20. Bf4 Nd7 21. c4 Ra5 22. Qxb7 Nxc5 23. Qc7 Nd3 24. Qxd8 Bxd8 25. Bd6 Re8 26. c5 Nxe1 27. Rxe1 Be7 28. Rc1 Kf8 29. Nf3 Rc8 30. Bxe7+ Kxe7 0-1

[Event "BCF-chT3c 0001 (4NCL) Promotion pool"]
[Site "Birmingham"]
[Date "2001.03.18"]
[Round "8.5"]
[White "Spivack, Simon"]
[Black "Erichsen, Dan"]
[Result "1-0"]
[WhiteElo "2170"]
[BlackElo "2100"]
[PlyCount "77"]
[EventDate "2000.11.26"]
[EventType "team-tourn"]
[EventRounds "4"]
[EventCountry "ENG"]
[SourceTitle "EXT 2002"]
[Source "ChessBase"]
[SourceDate "2001.11.25"]
[SourceVersion "1"]
[SourceVersionDate "2001.11.25"]
[SourceQuality "1"]
[WhiteTeam "Athenaeum"]
[BlackTeam "Guildford III"]
[WhiteTeamCountry "ENG"]
[BlackTeamCountry "ENG"]

1. e4 d6 2. d4 Nf6 3. Bd3 g6 4. Nf3 Bg7 5. 0-0 0-0 6. h3 Nc6 7. Re1 e5 8. c3 Nh5 9. Bg5 Qe8 10. Bc4 h6 11. Be3 Kh7 12. Nbd2 Nd8 13. Kh2 Ne6 14. Bf1 f5 15. exf5 gxf5 16. Nc4 e4 17. d5 Nd8 18. Nd4 a6 19. Nxf5 Rxf5 20. g4 Rf3 21. Nd2 Be5+ 22. Kh1 Rf8 23. gxh5 Qe7 24. Bd4 Bxd4 25. cxd4 Rxf2 26. Rxe4 Qg5 27. Re2 Qxd5+ 28. Kg1 Rf8 29. Ne4 Nc6 30. Rc1 Bf5 31. Bg2 Qf7 32. Ng3 Qg7 33. Nxf5 Rxf5 34. Kh1 d5 35. Qd3 Qg5 36. Rf1 Raf8 37. Bxd5 Kg7 38. Rg1 Rf1 39. Reg2 1-0

[Event "BCF-chT3b 0001 (4NCL)"]
[Site "Birmingham"]
[Date "2000.11.25"]
[Round "3.2"]
[White "Ponter, Ian"]
[Black "Spivack, Simon"]
[Result "1-0"]
[WhiteElo "2087"]
[BlackElo "2170"]
[PlyCount "63"]
[EventDate "2000.11.26"]
[EventType "team-tourn"]
[EventRounds "7"]
[EventCountry "ENG"]
[SourceTitle "EXT 2002"]
[Source "ChessBase"]
[SourceDate "2001.11.25"]
[SourceVersion "1"]
[SourceVersionDate "2001.11.25"]
[SourceQuality "1"]
[WhiteTeam "Bristol III"]
[BlackTeam "Athenaeum"]
[WhiteTeamCountry "ENG"]
[BlackTeamCountry "ENG"]

1. e4 e5 2. Nf3 Nc6 3. d4 exd4 4. Nxd4 Nf6 5. Nxc6 bxc6 6. e5 Qe7 7. Qe2 Nd5 8. c4 Ba6 9. b3 g6 10. f4 Bg7 11. Qf2 Nb6 12. Ba3 Qe6 13. Nd2 d6 14. 0-0-0 0-0 15. Ne4 c5 16. Qh4 f6 17. Bd3 Nd7 18. exd6 cxd6 19. Rhe1 d5 20. Nxc5 Qc6 21. Re6 Qc8 22. Nxa6 Nb6 23. f5 g5 24. Qd4 Rd8 25. c5 Nd7 26. Qxd5 Kh8 27. Rc6 Qb7 28. Nb4 a5 29. Rd6 Qc8 30. Nc2 Bf8 31. Rc6 Qb8 32. Bc4 1-0

[Event "BCF-chT3b 0001 (4NCL)"]
[Site "Birmingham"]
[Date "2000.09.24"]
[Round "2.2"]
[White "Spivack, Simon"]
[Black "Jones, Richard S"]
[Result "1-0"]
[WhiteElo "2170"]
[BlackElo "2114"]
[PlyCount "41"]
[EventDate "2000.11.26"]
[EventType "team-tourn"]
[EventRounds "7"]
[EventCountry "ENG"]
[SourceTitle "EXT 2002"]
[Source "ChessBase"]
[SourceDate "2001.11.25"]
[SourceVersion "1"]
[SourceVersionDate "2001.11.25"]
[SourceQuality "1"]
[WhiteTeam "Athenaeum"]
[BlackTeam "Nidum Knights"]
[WhiteTeamCountry "ENG"]
[BlackTeamCountry "ENG"]

1. e4 c5 2. Nf3 d6 3. Bb5+ Bd7 4. Bxd7+ Qxd7 5. c4 Nc6 6. Nc3 Nf6 7. d4 cxd4 8. Nxd4 e6 9. 0-0 Be7 10. b3 0-0 11. Bb2 a6 12. Nxc6 Qxc6 13. Qe2 Nd7 14. Rfd1 Rfd8 15. Rd2 Rac8 16. Rad1 Nc5 17. Qg4 g6 18. Qf4 b5 19. e5 b4 20. exd6 Bf8 21. Nd5 1-0

[Event "BCF-chT3b 0001 (4NCL)"]
[Site "Birmingham"]
[Date "2000.09.23"]
[Round "1.2"]
[White "Freeman, Richard"]
[Black "Spivack, Simon"]
[Result "0-1"]
[WhiteElo "2040"]
[BlackElo "2170"]
[PlyCount "72"]
[EventDate "2000.11.26"]
[EventType "team-tourn"]
[EventRounds "7"]
[EventCountry "ENG"]
[SourceTitle "EXT 2002"]
[Source "ChessBase"]
[SourceDate "2001.11.25"]
[SourceVersion "1"]
[SourceVersionDate "2001.11.25"]
[SourceQuality "1"]
[WhiteTeam "Milton Keynes"]
[BlackTeam "Athenaeum"]
[WhiteTeamCountry "ENG"]
[BlackTeamCountry "ENG"]

1. d4 Nf6 2. Bg5 Ne4 3. Bh4 c5 4. f3 Qa5+ 5. c3 g5 6. fxe4 gxh4 7. Nd2 cxd4 8. Nc4 Qc7 9. Qxd4 Rg8 10. e5 b5 11. Ne3 Bb7 12. Nf3 Bg7 13. Nf5 Nc6 14. Nxg7+ Rxg7 15. Qc5 0-0-0 16. 0-0-0 h3 17. g3 Nxe5 18. Qe3 Ng4 19. Qxa7 Bxf3 20. Qxc7+ Kxc7 21. exf3 Nf2 22. Bxb5 Nxh1 23. Rxh1 f5 24. Bf1 f4 25. g4 h5 26. Bxh3 hxg4 27. Bxg4 e5 28. Re1 Re8 29. h3 d5 30. c4 e4 31. cxd5 e3 32. Kc2 Kd6 33. Kd3 Kxd5 34. Re2 Rc7 35. Rg2 Ke5 36. Rc2 Rd8+ 0-1